Statistics for High school classes

Click here to take the quiz!

General Stats

  • This quiz has been taken 198 times
    (179 since last reset)
  • The average score is 12 of 14

Answer Stats

HintAnswer% Correct
type of scienceearth science
95%
a foreign languagefrench
94%
a foreign languagespanish
93%
type of mathalegebra 1
92%
type of sciencechemistry
89%
type of mathgeometry
83%
a foreign languagegerman
81%
mapsgeography
79%
type of sciencephysics
79%
type of historyworld history
79%
type of mathcalculus
77%
type of mathtrigonometry
76%
type of historyUs history
75%
type of languageenglish
71%

Score Distribution

Percentile by Number Answered

Percent of People with Each Score

Your Score History

You have not taken this quiz since the last reset